000 00645nam a22002057a 4500
003 0
005 20251108083517.0
008 251108b xxu||||| |||| 00| 0 eng d
020 _a978-0-515-14434-5
050 _aPS 3602.E75146
_b.B47 2008
100 _aBerenson, Alex,
_eauthor.
245 _aThe Faithful spy :
_ba novel /
_cAlex Berenson.
260 _aNew York, NY :
_bJove Books,
_c2008.
300 _a481 pages ;
_c20 cm.
650 _aSpy stories.
650 _aIntelligence service
_zUnited States
_xFiction.
650 _aTerrorism
_zUnited States
_xPrevention
_vFiction.
650 _aUndercover operations
_xFiction.
942 _2lcc
_cBK
999 _c368519
_d368519